| 000 | 01141nam a22003257a 4500 | ||
|---|---|---|---|
| 003 | CHAP | ||
| 005 | 20220329133456.0 | ||
| 008 | 971013s1990 cr r 00010 spa d | ||
| 010 | _a6814 | ||
| 011 | _a7786 | ||
| 035 | _a7010 | ||
| 040 | _cCHAP | ||
| 082 | 0 | 4 |
_a634.772 _bR4 |
| 110 | 2 |
_aRed Regional de Información sobre Banano y Plátano para América Latina y El Caribe _995357 |
|
| 245 | 1 | _aActos de un taller... | |
| 260 |
_aSan José, C. R. : _bInternational Network for the Improvement of Banana and Plantain, _c1990 |
||
| 300 |
_a208 p. _e+ anexo |
||
| 590 |
_aBATCH-UPD _b10 _c20130110 _lUCH01 _h0308 |
||
| 590 |
_aBATCH-UPD _b10 _c20130110 _lUCH01 _h2237 |
||
| 590 |
_aBATCH-UPD _b10 _c20130409 _lUCH01 _h2340 |
||
| 590 |
_aBATCH-UPD _b10 _c20130410 _lUCH01 _h1532 |
||
| 590 |
_aBATCH-UPD _b10 _c20130914 _lUCH01 _h1922 |
||
| 590 |
_aCONVERSION _b10 _c20130109 _lUCH01 _h1305 |
||
| 650 | 1 | 4 |
_aPlátano _xAmérica Latina. _989204 |
| 650 | 1 | 4 |
_aPlátano _xCaribe. _989216 |
| 650 | 1 | 4 |
_aPlátano _xSistemas de información. _989268 |
| 901 | _aBK | ||
| 942 | _cLIBRO | ||
| 949 |
_a634.772 R4 _bBC _cLIBRO _d33724000206645 _eLIBRO _h85068 _i7010 _mD _si |
||
| 999 |
_c6814 _d6814 |
||